000
00307nam a2200133Ia 4500
008
150301s2015 xx 000 0 und d
082
_a
616.01
_b
P12P
100
_a
PARIJA SUBHASH S.
245
_a
TB OF PRACTICAL MICROBIOLOGY
260
_b
ABH
300
_a
314
650
_a
MICROBIOLOGY
942
_2
ddc
_c
BK
999
_c
7183
_d
7183